书目信息 |
| 题名: |
近代早期英国宪政的发展与转变
|
|
| 作者: | 徐煜 著 | |
| 分册: | ||
| 出版信息: | 北京 光明日报出版社 2017 |
|
| 页数: | 220页 | |
| 开本: | 24m | |
| 丛书名: | 当代人文经典书库 | |
| 单 册: | ||
| 中图分类: | D956.11 | |
| 科图分类: | ||
| 主题词: | 宪法--研究--英国--近代 | |
| 电子资源: | ||
| ISBN: | 978-7-5194-2576-0 | |
| 000 | 01255oam2 2200277 450 | |
| 001 | 012001004807 | |
| 005 | 20140928162350.0 | |
| 010 | @a978-7-5194-2576-0@b精装@dCNY68.00 | |
| 100 | @a20171018d2017 em y0chiy50 ea | |
| 101 | 0 | @achi |
| 102 | @aCN@b110000 | |
| 105 | @ay z 000yy | |
| 106 | @ar | |
| 200 | 1 | @a近代早期英国宪政的发展与转变@9jin dai zao qi ying guo xian zheng de fa zhan yu zhuan bian@dOn the development of constitutionalism in early modern England@f徐煜著@zeng |
| 210 | @a北京@c光明日报出版社@d2017 | |
| 215 | @a220页@d24m | |
| 225 | 1 | @a当代人文经典书库 |
| 300 | @a湖北师范大学学术著作出版基金和湖北省教育厅人文社会科学规划项目资助 | |
| 330 | @a本书从社会政治转型的角度,整体考察了近代早期英国议会主权、法律至上、地方自治等宪政原则的成因、发展及与宪政发展的关系,梳理了英国从中世纪到近代早期宪政的发展脉络,揭示了这一时期英国宪政观念的发展变化,厘清了英国近代早期宪政发展的若干问题,加深了对近代早期英国宪政和政治文明发展的认识。 | |
| 461 | 0 | @12001 @a当代人文经典书库 |
| 510 | 1 | @aOn the development of constitutionalism in early modern England@zeng |
| 606 | 0 | @a宪法@x研究@y英国@z近代 |
| 690 | @aD956.11@v5 | |
| 701 | 0 | @a徐煜@9xu yu@4著 |
| 801 | 0 | @aCN@b上海新华@c20180901 |
| 905 | @b1167057-61@dD956.11@e154@f5 | |
| 近代早期英国宪政的发展与转变=On the development of constitutionalism in early modern England/徐煜著.-北京:光明日报出版社,2017 |
| 220页;24m.-(当代人文经典书库) |
| 湖北师范大学学术著作出版基金和湖北省教育厅人文社会科学规划项目资助 |
| ISBN 978-7-5194-2576-0(精装):CNY68.00 |
| 本书从社会政治转型的角度,整体考察了近代早期英国议会主权、法律至上、地方自治等宪政原则的成因、发展及与宪政发展的关系,梳理了英国从中世纪到近代早期宪政的发展脉络,揭示了这一时期英国宪政观念的发展变化,厘清了英国近代早期宪政发展的若干问题,加深了对近代早期英国宪政和政治文明发展的认识。 |
| ● |
| 相关链接 |
|
|
|
|
正题名:近代早期英国宪政的发展与转变
索取号:D956.11/154
 
预约/预借
| 序号 | 登录号 | 条形码 | 馆藏地/架位号 | 状态 | 备注 |
| 1 | 1167057 | 211670574 | 第一样本阅览室/ [索取号:D956.11/154] | 在馆 | |
| 2 | 1167058 | 211670583 | 第一借阅区/ [索取号:D956.11/154] | 在馆 | |
| 3 | 1167059 | 211670592 | 第一借阅区/ [索取号:D956.11/154] | 在馆 | |
| 4 | 1167060 | 211670609 | 第一借阅区/ [索取号:D956.11/154] | 在馆 | |
| 5 | 1167061 | 211670618 | 史法系资料室/ [索取号:D956.11/154] | 在馆 |